Pháp Luật về thành lập và hoạt động của văn phòng công chứng : Luận văn Thạc sĩ Luật học. Chuyên ngành Luật Kinh tế

Thực tiễn áp dụng Luật Công chứng hiện hành đã bộc lộ những hạn chế, bất cập như: Điều kiện tiêu chuẩn thành lập Văn phòng công chứng mỗi nơi quy định khác nhau, không đảm bảo tính thống nhất dẫn đến áp dụng tùy tiện, bất bình đẳ...

תיאור מלא

שמור ב:
מידע ביבליוגרפי
מחבר ראשי: Nguyễn, Văn Thơm
פורמט: ספר
שפה:Undetermined
יצא לאור: Cần Thơ Trường Đại học Cần Thơ 2020
נושאים:
תגים: הוספת תג
אין תגיות, היה/י הראשונ/ה לתייג את הרשומה!
Thư viện lưu trữ: Trung tâm Học liệu Trường Đại học Cần Thơ
LEADER 02151nam a2200229Ia 4500
001 CTU_239420
008 210402s9999 xx 000 0 und d
082 |a 347.597016 
082 |b Th463 
088 |a 8380107 
100 |a Nguyễn, Văn Thơm 
245 0 |a Pháp Luật về thành lập và hoạt động của văn phòng công chứng : 
245 0 |b Luận văn Thạc sĩ Luật học. Chuyên ngành Luật Kinh tế 
245 0 |c Nguyễn Văn Thơm ; Hồ Việt Hiệp (Cán bộ hướng dẫn) 
260 |a Cần Thơ 
260 |b Trường Đại học Cần Thơ 
260 |c 2020 
520 |a Thực tiễn áp dụng Luật Công chứng hiện hành đã bộc lộ những hạn chế, bất cập như: Điều kiện tiêu chuẩn thành lập Văn phòng công chứng mỗi nơi quy định khác nhau, không đảm bảo tính thống nhất dẫn đến áp dụng tùy tiện, bất bình đẳng ở các địa phương, có trường hợp đặt ra điều kiện nhằm hạn chế việc thành lập ảnh hưởng đến chủ trương xã hội hóa; thiếu quy định về trình tự chấm dứt tư cách thành viên hợp danh (so với Luật Doanh nghiệp) của Văn phòng công chứng đã làm mất tính ổn định và ảnh hưởng đến hoạt động của thành viên còn lại; quy định việc chuyển đổi phòng công chứng hoặc thay đổi trưởng Văn phòng công chứng hoặc thành viên hợp danh bắt buộc phải thay đổi tên của Văn phòng công chứng, điều này đã làm mất đi thương hiệu, bởi nó cũng là giá trị tài sản của doanh nghiệp… 
650 |a Civil procedure (Vietnamese law),Thủ tục dân sự (Luật Việt Nam) 
904 |i Hải 
910 |c tvtrong 
980 |a Trung tâm Học liệu Trường Đại học Cần Thơ